| 000 | 00885nam a2200241Ia 4500 | ||
|---|---|---|---|
| 003 | BUBTL | ||
| 008 | 151213s9999 xx 000 0 und d | ||
| 020 | _a9847080011 | ||
| 041 | _aবাংলা | ||
| 082 | _a340/ D5355h/ 2006 | ||
| 100 |
_a ধর, নির্মলেন্দু _95880 |
||
| 245 |
_aহিন্দু আইন/ _cনির্মলেন্দু ধর ও অনন্ত কৃষ্ণ রায় |
||
| 250 | _a৩য় সং | ||
| 260 |
_aঢাকা : _bরেমিসি পাবলিসার্স ; _cc2006 |
||
| 300 |
_a[xii], 233 p. : _bill. ; 23 cm. |
||
| 526 | _aLaw | ||
| 650 | _aLaw | ||
| 650 |
_a _95881 |
||
| 700 |
_aনির্মলেন্দু ধর ও অনন্ত কৃষ্ণ রায় _95882 |
||
| 856 |
_k0 _l0 _yDownload |
||
| 942 |
_2ddc _cBK |
||
| 999 |
_c2442 _d2442 |
||